<?xml version="1.0" encoding="UTF-8"?>
<record
    xmlns:xsi="http://www.w3.org/2001/XMLSchema-instance"
    xsi:schemaLocation="http://www.loc.gov/MARC21/slim http://www.loc.gov/standards/marcxml/schema/MARC21slim.xsd"
    xmlns="http://www.loc.gov/MARC21/slim">

  <leader>00991nam a2200241 a 4500</leader>
  <controlfield tag="001">61966</controlfield>
  <controlfield tag="003">BD-RjUL</controlfield>
  <controlfield tag="005">20211209081026.0</controlfield>
  <controlfield tag="008">170122s2015    bg a|||| b||| 00| 0 ben d</controlfield>
  <datafield tag="020" ind1=" " ind2=" ">
    <subfield code="a">9789849076032 </subfield>
    <subfield code="c">: TK 1000.00 </subfield>
  </datafield>
  <datafield tag="035" ind1=" " ind2=" ">
    <subfield code="a">(BD-RjUL)62091</subfield>
  </datafield>
  <datafield tag="040" ind1=" " ind2=" ">
    <subfield code="a">BD-RjUL</subfield>
    <subfield code="b">ben </subfield>
    <subfield code="c">BD-RjUL</subfield>
  </datafield>
  <datafield tag="041" ind1=" " ind2=" ">
    <subfield code="a">ben </subfield>
  </datafield>
  <datafield tag="082" ind1=" " ind2=" ">
    <subfield code="2">23 </subfield>
    <subfield code="a">891.44309 </subfield>
    <subfield code="b">RAB 2015 </subfield>
  </datafield>
  <datafield tag="100" ind1=" " ind2=" ">
    <subfield code="a">&#x986;&#x9A8;&#x9BF;&#x9B8; &#x9B0;&#x9B9;&#x9AE;&#x9BE;&#x9A8; </subfield>
    <subfield code="9">170404</subfield>
  </datafield>
  <datafield tag="245" ind1="1" ind2="0">
    <subfield code="a">&#x9AC;&#x9BE;&#x982;&#x9B2;&#x9BE;&#x9A6;&#x9C7;&#x9B6;&#x9C7;&#x9B0; &#x989;&#x9AA;&#x9A8;&#x9CD;&#x9AF;&#x9BE;&#x9B8;&#x9C7; &#x9AD;&#x9C2;&#x997;&#x9CB;&#x9B2; &#x99A;&#x9C7;&#x9A4;&#x9A8;&#x9BE; / </subfield>
    <subfield code="c">&#x986;&#x9A8;&#x9BF;&#x9B8; &#x9B0;&#x9B9;&#x9AE;&#x9BE;&#x9A8; </subfield>
  </datafield>
  <datafield tag="260" ind1=" " ind2=" ">
    <subfield code="a">&#x9A2;&#x9BE;&#x995;&#x9BE; :</subfield>
    <subfield code="b">&#x985;&#x9A8;&#x9BF;&#x9A8;&#x9CD;&#x9A6;&#x9CD;&#x9AF; &#x9AA;&#x9CD;&#x9B0;&#x995;&#x9BE;&#x9B6;, </subfield>
    <subfield code="c">&#x9E8;&#x9E6;&#x9E7;&#x9EB; </subfield>
  </datafield>
  <datafield tag="300" ind1=" " ind2=" ">
    <subfield code="a">&#x9EC;&#x9E6;&#x9ED; &#x9AA;&#x9C3;. :</subfield>
    <subfield code="b">&#x99A;&#x9BF;&#x9A4;&#x9CD;&#x9B0; ;</subfield>
    <subfield code="c">&#x9E8;&#x9E7; &#x9B8;&#x9C7;&#x9AE;&#x9BF;. </subfield>
  </datafield>
  <datafield tag="504" ind1=" " ind2=" ">
    <subfield code="a">&#x997;&#x9CD;&#x9B0;&#x9A8;&#x9CD;&#x9A5;&#x9AA;&#x99E;&#x9CD;&#x99C;&#x9BF; &#x9B8;&#x9AE;&#x9CD;&#x9AC;&#x9B2;&#x9BF;&#x9A4; </subfield>
  </datafield>
  <datafield tag="650" ind1=" " ind2=" ">
    <subfield code="a">&#x9AC;&#x9BE;&#x982;&#x9B2;&#x9BE; &#x989;&#x9AA;&#x9A8;&#x9CD;&#x9AF;&#x9BE;&#x9B8; </subfield>
    <subfield code="x">&#x987;&#x9A4;&#x9BF;&#x9B9;&#x9BE;&#x9B8; &#x993; &#x9B8;&#x9AE;&#x9BE;&#x9B2;&#x9CB;&#x99A;&#x9A8;&#x9BE; </subfield>
    <subfield code="9">179529</subfield>
  </datafield>
  <datafield tag="650" ind1=" " ind2=" ">
    <subfield code="a">Bengali Fiction </subfield>
    <subfield code="x">History &amp; Criticism </subfield>
    <subfield code="9">179538</subfield>
  </datafield>
  <datafield tag="942" ind1=" " ind2=" ">
    <subfield code="2">ddc</subfield>
    <subfield code="c">BK</subfield>
  </datafield>
  <datafield tag="999" ind1=" " ind2=" ">
    <subfield code="c">61966</subfield>
    <subfield code="d">61966</subfield>
  </datafield>
  <datafield tag="952" ind1=" " ind2=" ">
    <subfield code="0">0</subfield>
    <subfield code="1">0</subfield>
    <subfield code="2">ddc</subfield>
    <subfield code="4">0</subfield>
    <subfield code="7">1</subfield>
    <subfield code="8">FIC</subfield>
    <subfield code="a">RUCL</subfield>
    <subfield code="b">RUCL</subfield>
    <subfield code="c">Reading</subfield>
    <subfield code="d">2017-01-18</subfield>
    <subfield code="e">Dhaka, Onondo Prokashoni. </subfield>
    <subfield code="g">1000.00</subfield>
    <subfield code="l">0</subfield>
    <subfield code="o">B 891.44309  RAB 2015</subfield>
    <subfield code="r">2017-01-22 00:00:00</subfield>
    <subfield code="t">C-1</subfield>
    <subfield code="w">2017-01-22</subfield>
    <subfield code="y">BK</subfield>
  </datafield>
  <datafield tag="952" ind1=" " ind2=" ">
    <subfield code="0">0</subfield>
    <subfield code="1">0</subfield>
    <subfield code="2">ddc</subfield>
    <subfield code="4">0</subfield>
    <subfield code="7">0</subfield>
    <subfield code="8">FIC</subfield>
    <subfield code="a">RUCL</subfield>
    <subfield code="b">RUCL</subfield>
    <subfield code="c">Stack</subfield>
    <subfield code="d">2017-01-18</subfield>
    <subfield code="e">Dhaka, Onondo Prokashoni. </subfield>
    <subfield code="g">1000.00</subfield>
    <subfield code="l">2</subfield>
    <subfield code="o">B 891.44309  RAB 2015</subfield>
    <subfield code="r">2025-01-21 00:00:00</subfield>
    <subfield code="s">2025-01-06</subfield>
    <subfield code="t">C-2</subfield>
    <subfield code="w">2017-01-22</subfield>
    <subfield code="y">BK</subfield>
  </datafield>
  <datafield tag="952" ind1=" " ind2=" ">
    <subfield code="0">0</subfield>
    <subfield code="1">0</subfield>
    <subfield code="2">ddc</subfield>
    <subfield code="4">0</subfield>
    <subfield code="7">0</subfield>
    <subfield code="8">FIC</subfield>
    <subfield code="a">RUCL</subfield>
    <subfield code="b">RUCL</subfield>
    <subfield code="c">Stack</subfield>
    <subfield code="d">2017-01-18</subfield>
    <subfield code="e">Dhaka, Onondo Prokashoni. </subfield>
    <subfield code="g">1000.00</subfield>
    <subfield code="l">3</subfield>
    <subfield code="o">B 891.44309  RAB 2015</subfield>
    <subfield code="r">2024-09-24 00:00:00</subfield>
    <subfield code="s">2024-09-10</subfield>
    <subfield code="t">C-4</subfield>
    <subfield code="w">2017-01-22</subfield>
    <subfield code="y">BK</subfield>
  </datafield>
</record>
